000 01153 a2200229 4500
001 34499
005 20260407155631.0
008 260407a1977 arg spa d
003 AR-UNSa-BCEJYS
040 _aAR-UNSa-BCEJYS
_bspa
_cAR-UNSa-BCEJYS
080 _a658.013
_xCuestiones psicológicas (Psicología de la organización)
245 1 0 _aPsicología de las organizaciones
264 1 _aBuenos Aires :
_bPrentice Hall
_c1977
300 _a282 p.
_c23 cm.
505 _a1. Socialización organizacional - 2. Aprendizaje y solución de problemas - 3. Tomas de decisiones en la organización - 4. Motivación y clima de las organizaciones - 5. Motivación de logro - 6. Toma de decisiones en grupos - 7. Percepción interpersonal - 8. Liderazgo - 9. Relaciones intergrupales - 10. Estructura y comunicación en la organización - 11. Desarrollo personal y de la carrera - 12. Ayuda y consulta - 13. Cambio planificado y desarrollo de la organización.
942 _cBK
590 _aniveau_biblio:m niveau_hierar:0
100 1 _akolb, David A.
700 1 _aRubin, Irwin M.
700 1 _aBrignardello, Luisa Amelia
700 1 _aMcIntyre, James M.
999 _c2456
_d2456